00702 2200241 4500001002100000005001700021008004100038020001800079035002400097082001200121090002200133245009500155260003100250300002400281500002900305650002100334700002900355700002400384850001200408980001100420985000600431999002300437YOGYA-0209000005718620090227034155.0 ind  a979-21-0953-6 0010-020900000057186 a370.114 a370.114bPenlDEP aPENDIDIKAN budi pekerti untuk SMPcPaul Suparno...[et.al.] ; ilustrasi, Bambang Shakuntala aYogyakartabKanisiusc2004 a95 hlmbilusc21 cm aBibliografi : hlm. 94-95 aPendidikan Moral aSuparno, Paul...[et.al.] aShakuntala, Bambang aYOPDYOG a220705 a1 a2004-295 h CB-D.11